000 00364nam a2200145Ia 4500
008 230711s9999||||xx |||||||||||||| ||und||
041 _aENG
082 _a624
_bLI-W
100 _aLinsley,Ray K
245 0 _aWater resources engineering
250 _a3rd
260 _c1979
_aNew York
_bTata McGraw Hill Education Limited
650 _aCivil Engineering
942 _cBK
999 _c623
_d623